01000nam a22002535i 4500001000700000003000900007005001700016008004100033017001800074020002200092080002900114080002200143100004100165245010600206260005700312300006300369500001900432600004100451610003300492700004600525852003300571999001900604952012300623169165ES-MaACL20260302063013.0080820s2007 sp |||| | spa d aM-19.454-2007 a978-84-611-6683-1 a72 Sota, Alejandro de la a725.85(460.27 M.)0 aSota Aburto, Alejandro de la910745410aGimnasio Maravillas b: Madrid, 1960 / cAlejandro de la Sota ; edición a cargo de Teresa Couceiro. aMadrid : bFundación Alejandro de la Sota, c2007. a122 p. : bprincipalmente il. col., planos ; c22 x 22 cm. aEn el lomo: 2.04aSota Aburto, Alejandro de la910745414aGimnasio Maravillas.91382341 aCouceiro Durán, María Teresa.91382354 aES-MaACLjL-29527 9R.142877 c169165d169165 00104070aATENEOMbATENEOMcDEPO2d2008-08-20eDONl0oL-29527p1177608r2023-02-23 00:00:00w2023-02-23yMONOGRAFIA